Mış Gibi Yetişkinler Yetişkin Çocuklar (Record no. 700565)
[ view plain ]
| 000 -LEADER | |
|---|---|
| sabit uzunluktaki kontrol alanı | 00273nam a2200097Ia 4500 |
| 001 - KONTROL NUMARASI | |
| kontrol alanı | 700565 |
| 005 - EN SON İŞLEMİN TARİH VE ZAMANI | |
| kontrol alanı | 20250826162255.0 |
| 008 - SABİT-UZUNLUKTA VERİ ÖĞELERİ--GENEL BİLGİ | |
| sabit uzunluktaki kontrol alanı | 250824s9999 xx 000 0 und d |
| 245 #0 - ESER / YAZAR | |
| ESER ADI | Mış Gibi Yetişkinler Yetişkin Çocuklar |
| Yazar Adı | DOĞAN CÜCELOĞLU |
| 260 ## - YAYIN, DAĞITIM, VB. | |
| YAYIN EVİ | REMZİ KİTABEVİ |
| Düşüm durumu | Kayıp durumu | Hasar Durumu | Ödünç verilmez | Ana kütüphane | Geçerli Kütüphane | Edinilen tarih | Toplam ödünç verme sayısı | Barkod | Son görüntüleme tarihi | Fiyatın geçerli olmaya başladığı tarih | Koha materyal türü |
|---|---|---|---|---|---|---|---|---|---|---|---|
| MAHMUD CELALEDDİN ÖKTEN A. İ. H. L. | MAHMUD CELALEDDİN ÖKTEN A. İ. H. L. | 24.08.2025 | 10212003 | 26.08.2025 | 26.08.2025 | Books |